Normal view
MARC view
Entry Personal Name
001 - CONTROL NUMBER
- control field: 248812
003 - CONTROL NUMBER IDENTIFIER
- control field: OSt
005 - DATE AND TIME OF LATEST TRANSACTION
- control field: 20251211105413.0
008 - FIXED-LENGTH DATA ELEMENTS
- fixed length control field: 251211|| aca||aabn | a|a d
040 ## - CATALOGING SOURCE
- Original cataloging agency: OSt
- Transcribing agency: OSt
100 ## - HEADING--PERSONAL NAME
- Personal name: MARIAPPA BHAT (M)
- Dates associated with a name: ಮರಿಯಪ್ಪ ಭಟ್ (ಎಂ)
670 ## - SOURCE DATA FOUND
- Source citation: Work cat.: (OSt)180203: MARIAPPA BHAT (M) ಮರಿಯಪ್ಪ ಭಟ್ (ಎಂ) , Samkshipta kannada sahitya charitre., 1983